Omako basoa (Record no. 88968)

MARC details
000 -LEADER
campo de control de longitud fija 00803nam a2200229 i 4500
001 - NÚMERO DE CONTROL
campo de control 88968
003 - IDENTIFICADOR DE NÚMERO DE CONTROL
campo de control ES-MaACL
005 - FECHA Y HORA DE LA ÚLTIMA TRANSACCIÓN
campo de control 20250827222021.0
007 - CAMPO FIJO DE DESCRIPCIÓN FÍSICA--INFORMACIÓN GENERAL
campo de control de longitud fija t|
008 - DATOS DE LONGITUD FIJA--INFORMACIÓN GENERAL
campo de control de longitud fija 050120s2000 sp ||||1| spa d
020 ## - NÚMERO INTERNACIONAL ESTÁNDAR DEL LIBRO
Número Internacional Estándar del Libro 84-7585-437-0
080 ## - NÚMERO DE LA CLASIFICACIÓN DECIMAL UNIVERSAL
Número de la Clasificación Decimal Universal 7 Ibarrola, Agustín
100 1# - ENTRADA PRINCIPAL--NOMBRE DE PERSONA
Nombre de persona Ibarrola, Agustín.
9 (RLIN) 64972
245 10 - MENCIÓN DEL TÍTULO
Título Omako basoa
Resto del título : = El bosque de Oma /
Mención de responsabilidad, etc. fotos = Argazkiak: Tere Ormazabal ; [textos = testuak Agustín Ibarrola ... [et al.].
260 ## - PUBLICACIÓN, DISTRIBUCIÓN, ETC.
Lugar de publicación, distribución, etc. Bilbao :
Nombre del editor, distribuidor, etc. Universidad del Pais Vasco = Euskal Herriko Unibertsitatea,
Fecha de publicación, distribución, etc. [2000]
300 ## - DESCRIPCIÓN FÍSICA
Extensión 110 p. :
Otras características físicas principalmente il. ;
Dimensiones 33 cm.
600 14 - PUNTO DE ACCESO ADICIONAL DE MATERIA--NOMBRE DE PERSONA
Nombre de persona Ibarrola, Agustín.
9 (RLIN) 64972
700 1# - ENTRADA AGREGADA--NOMBRE PERSONAL
Nombre de persona Ormazabal, Tere.
9 (RLIN) 87295
710 2# - ENTRADA AGREGADA--NOMBRE DE ENTIDAD CORPORATIVA
Nombre de entidad corporativa o nombre de jurisdicción como elemento de entrada Universidad del País Vasco
9 (RLIN) 7367
852 ## - LOCALIZACIÓN
Ubicación ES-MaACL
Número de control de estantería L-28578
Sublocalización o colección R.135071
Holdings
Estatus retirado Estado de pérdida Estado de daño No para préstamo Biblioteca de origen Biblioteca actual Ubicación en estantería Fecha de adquisición Fuente de adquisición Total de préstamos Signatura topográfica completa Código de barras Visto por última vez Precio de reemplazo Tipo de ítem Koha
        Biblioteca del Ateneo de Madrid Biblioteca del Ateneo de Madrid Depósito 2 17/01/2008     L-28578 1092921 23/02/2023 23/02/2023 Libro impreso